Established and Outsiders at the Same Time (Record no. 18316)

MARC details
000 -LEADER
fixed length control field 00570nam a2200121Ia 4500
008 - FIXED-LENGTH DATA ELEMENTS--GENERAL INFORMATION
fixed length control field 220615s9999||||xx |||||||||||||| ||und||
100 ## - MAIN ENTRY--PERSONAL NAME
Personal name Rosenthal, Gabriele
245 #0 - TITLE STATEMENT
Title Established and Outsiders at the Same Time
Remainder of title Self-Images and We-Images of Palestinians in the West Bank and in Israel
546 ## - LANGUAGE NOTE
Language note English[eng]
650 ## - SUBJECT ADDED ENTRY--TOPICAL TERM
Topical term or geographic name entry element biographical research||figurational sociology||analysis
856 ## - ELECTRONIC LOCATION AND ACCESS
Uniform Resource Identifier <a href="https://library.oapen.org/bitstream/20.500.12657/37143/1/GSSCA8_rosenthal.pdf||https://library.oapen.org/bitstream/20.500.12657/37143/1/GSSCA8_rosenthal.pdf">https://library.oapen.org/bitstream/20.500.12657/37143/1/GSSCA8_rosenthal.pdf||https://library.oapen.org/bitstream/20.500.12657/37143/1/GSSCA8_rosenthal.pdf</a>
942 ## - ADDED ENTRY ELEMENTS (KOHA)
Koha item type E-Books
Holdings
Withdrawn status Lost status Damaged status Not for loan Home library Current library Date acquired Total Checkouts Date last seen Price effective from Koha item type
        Kerala University of Digital Sciences, Innovation and Technology Knowledge Centre Kerala University of Digital Sciences, Innovation and Technology Knowledge Centre 15/06/2022   15/06/2022 15/06/2022 E-Books